| 000 | 00684cam a2200229 i 4500 | ||
|---|---|---|---|
| 001 | 17819319 | ||
| 003 | OSt | ||
| 005 | 20140623213003.0 | ||
| 008 | 130711s1990 mx b 000 0 spa | ||
| 020 | _a968-6199-83-7 | ||
| 040 | _cBMC | ||
| 082 | _a346.01572 | ||
| 082 | _a346.05272 | ||
| 100 | 1 |
_915839 _aBaqueiro Rojas, Edgard |
|
| 245 | 1 | 0 |
_aDerecho de familia y sucesiones _cEdgard Baqueiro Rijas, Rosalía Buenrostro Báez |
| 260 |
_aMéxico, D.F. [etc.] _bHarla _c1990 |
||
| 300 |
_a493 p. _c23 cm |
||
| 650 | 2 | 4 |
_aDerecho de familia _zMéxico _915547 |
| 650 | 2 | 4 |
_aHerencias y sucesiones _zMéxico _915397 |
| 700 | 1 |
_915840 _aBuenrostro Báez, Rosalía |
|
| 942 |
_2ddc _cBK |
||
| 999 |
_c8360 _d8360 |
||